00339nam a2200133Ia 4500008004100000020001500041041001200056082001600068100001700084245004100101260003700142300000800179650001800187221030s9999 xx 000 0 und d a8178082918 aEnglish a105.23bBay aD. L. Bayles 0aE- Commerce Logisitics & Fulfillment bPearson EducationaDelhic2001 a348 aMBA Computers